000 01231cad a22002175a 4500
001 L151426
008 101103e2010 xxk 000 0 eng d
035 _a(Sirsi) u151426
041 0 _aeng
100 1 _aEade, Christine
245 0 0 _aMarkets
_bThames Gateway
260 _c2010
490 0 _aProperty Week
_v76(43) 29 October 2010, 51-56(4)
520 _aEssential Land has revealed the masterplan for its 33 acre Dartford site and started consulting on the future of 18 acres at Sittingbourne Paper Mill. Lakeside, Thurrock's extension plans could be delayed as a result of the abolition of 500 quangos. Berkeley First has secured planning consent for its Boathouse residential scheme next to Gillingham Marina. Three Greenwich Peninsular projects will move forward in November. Thames Gateway industrial landlords are experiencing an increase in short-term requirements related to the 2012 Olympic Games. Siemens consolidates its London office space at Royal Victoria Docks.
590 _aKA
651 4 _aEngland
_y886-
690 _aPROPERTY-COMMERCIAL PROPERTY-COMMERCIAL PROPERTY MARKET
690 _aPROPERTY-COMMERCIAL PROPERTY-COMMERCIAL PROPERTY FINANCE AND INVESTMENT
700 1 _aShah, Aditi
942 _n0
999 _c82793
_d82793